000 00463nam a2200181Ia 4500
001 19366
008 140407s9999 xx 000 0 und d
020 _a0-521-36741-7
040 _cPK-LaUMT
082 _a 330.0922
_bBLA-G
100 _aMark Blaug
245 _aGreat economists before keynes
_cMark Blaug
260 _aNew York,USA:
_bCambridge University Press,
_c1996
300 _a286 p.
546 _aEN
650 _aEconomists-Biography
942 _cBK
999 _c19744
_d19744